D'un antonyme à l'autre Chaîne #1 - Statistiques

Statistiques générales
  • Ce quiz a été pris 166 fois
  • Le résultat moyen est 15 sur 18
Statistiques - réponses
Définition Réponse % Correct
Sur un circuit, on le fait plusieurs fois Tour
95%
Pas vivant Mort
94%
Pas cru (-1 lettre) Cuit
93%
Tient la voile du bateau Mat
93%
Harry Potter en jette (+1 lettre) Sort
93%
Vasy DJ fait péter le _ _ _ Son
91%
On dort durant son passage Nuit
88%
Regarde (+1 lettre) Mate
86%
Na!!! le premier que dit bébé (-1 lettre) Mot
86%
On s'en prend une quand on est bourré Cuite
85%
Elle est d'honneur dans un château Cour
84%
Le soleil y brille fort Jour
84%
Qui a peu d'intelligence et peu de jugement Sot
83%
On est tous celui de quelqu'un Con
82%
De chasse, d'harmonie (-1 lettre) Cor
80%
Fait de partir ailleurs pour le travail Mute
77%
Elle est responsable du dégât des eaux (+1 lettre) Fuite
69%
Il sait déjouer les pièges Fute
65%
Aucun quiz correspondant
Distribution des résultats
% des personnes avec chaque résultat
Percentile par nombre de réponses
Votre historique - résultats
Vous n’avez pas pris ce quiz